000 01765nam0a2200337 4500
001 RU\NLR\bibl\1457507
005 20260406162331.0
010 _a978-5-9985-0084-8
_95000
021 _aRU
_b2009-90486
_95706
021 _aRU
_b2010-51648
_93403
035 _a(NLR Aleph) 001449296
090 _a1512818
_c1512818
100 _a20091225d2009 |||y0rusy50 ca
101 1 _arus
_ceng
102 _aRU
105 _aa |||||||||
200 1 _aВсе о...
_eрассказы о животных
_e[для среднего школьного возраста]
_fЭрнст Сетон-Томпсон
_g[пер. с англ. Н.К. Чуковского и др.]
210 _aСанкт-Петербург
_cАзбука-классика
_d2009
215 _a634 с.
_cил.
_d24
225 1 _aСерия "Все о ..."
327 0 _aСодерж.: Рассказы о животных: Королевская Аналостанка; Мальчик и рысь; Бинго; Чинк; Снап; Вулли; Медвежонок Джонни; Жизнь серого медведя; Буйный и Колючая Холка [и др.]; Маленькие дикари, или Повесть о том, как два мальчика вели в лесу жизнь индейцев и чему они научились
686 _aШ9(7США)62-4
700 1 _4070
_8rus
_7ca
_aСетон-Томпсон
_bЭ.
_f1860-1946
_gЭрнест
_3RU\NLR\auth\779222
_9119064
702 1 _8rus
_7ca
_aЧуковский
_bН. К.
_f1904-1965
_gНиколай Корнеевич
_3RU\NLR\AUTH\7770798
_953726
801 0 _aRU
_bNLR
_c20091225
_gRCR
801 1 _aRU
_bNLR
_c20091225
942 _cBOOK
980 _aNB